000 006150000a22002170004500
003 LK-CoMWRAF
005 20231206150906.0
008 230817t2008 ||||| |||| 00| 0 eng d
020 _a9789556650051
040 _aLK-CoMWRAF
_dLK-CoMWRAF
_eLK-CoMWRAF
041 _aeng
082 _a954.93
_bSEN
100 _aSenaratne, Loranee
245 _aHeirs to History
260 _aColombo:
_bVijitha Yapa Publications,
_c2008
300 _a192 p. : ill. (some col.), 2 maps ; 29 cm.
650 _aLEGENDS-Sri Lanka
650 _aHistory-Anecdotes-Sri Lanka
650 _aBuddhist mythology-Sri Lanka
942 _cBK
999 _c2287
_d2287